İlke olarak yaşam üstüne notlar ya da mini-etika (Record no. 3641)

MARC details
000 -BAŞLIK
Sabit Uzunlukta Kontrol Alanı 00739na a2200241 4500
001 - KONTROL NUMARASI
Denetim Alanı 15919
003 - KONTROL NUMARASI IDENTIFIER
Denetim Alanı MIRAKIL
005 - SON İŞLEM TARİHİ VE ZAMANI
Denetim Alanı 20181213154938.0
008 - SABİT-BOY VERİ ELEMANLARI - GENEL BİLGİLER
Sabit Uzunlukta Kontrol Alanı 160927b tu 000 0
020 ## - ULUSLARARASI STANDART KİTAP NUMARASI
Uluslararası Standart Kitap Numarası 9786058825604
040 ## - KATALOGLAMA KAYNAK
Orijinal Kataloglama Ajansı Milas
Kataloglama Dili tur
Metne Dönüştürmek Ajansı TR-AnCHP
082 ## - DEWEY ONLU SINIFLANDIRMA NUMARASI
Sınıflandırma Numarası 100
Ürün Numarası S69i 2010
090 ## - SINIFLAMA NUMARASI
Sınıflama Numarası 100 S69i 2010
100 ## - ANA GİRİŞ - KİŞİSEL İSİM
Kişisel Ad Soysal, Ahmet
Bir Adıyla İlişkilendirilen Tarihler 1957-
245 ## - BAŞLIK TABLOSU
Başlık İlke olarak yaşam üstüne notlar ya da mini-etika
Sorumluluk Tablosu, Vb Ahmet Soysal ; yayıma hazırlayan Volkan Çelebi
260 ## - YAYIN, DAĞITIM, VB
Yayın, Dağıtım, Vb Yeri İstanbul
Yayıncı, Dağıtıcı, Vs Adı Monokl
Yayın, Dağıtım, Vb Tarihi 2010
300 ## - FİZİKSEL TANIM
Kapsam 53 s.
Boyutlar 21 sm.
650 ## - KONU KATMA GİRİŞ - TOPİKAL DÖNEM
Topikal Süreli Veya Coğrafi Ad Giriş Elemanı Felsefe
Genel Alt Bölümü Duygular
Kronolojik Alt Bölümü Düşünceler
650 ## - KONU KATMA GİRİŞ - TOPİKAL DÖNEM
Topikal Süreli Veya Coğrafi Ad Giriş Elemanı Felsefe
Genel Alt Bölümü Adalet
Kronolojik Alt Bölümü Düşünceler
650 ## - KONU KATMA GİRİŞ - TOPİKAL DÖNEM
Topikal Süreli Veya Coğrafi Ad Giriş Elemanı Felsefe
Genel Alt Bölümü Toplumsal yaşam
Kronolojik Alt Bölümü Düşünceler
700 ## - KATMA GİRİŞ - KİŞİSEL İSİM
Kişisel Ad Çelebi, Volkan
942 ## - EKLENDİ GİRİŞ ELEMANLARI (KOHA)
Sınıflandırma Veya Raf Düzeni Kaynak Dewey Decimal Classification
Koha Öğesi Türü Books
999 ## - SİSTEM KONTROL NUMARALARI (KOHA)
Koha Biblionumber 3641
Koha Biblioitemnumber 3641
Holdings
Kalıcı Konum Mevcut Konum Edinme Tarihi Edinim Kaynak Toplam Check-Out'Lar Tam Çağrı Numarası Barkod Tarih Son Görülme İtibaren Geçerli Fiyatlar Koha Öğesi Türü
CHP Kütüphanesi CHP Kütüphanesi 09/27/2016 Bağış   100 S69i 2010 005097 09/27/2016 09/27/2016 Books